000 00796cam a22001935a 4500
001 L149246
008 100210e20100108xxk 000 0 eng d
035 _a(Sirsi) u149246
041 0 _aeng
100 1 _aBarrie, Giles
245 0 0 _aProperty is recovering but will be tested in 2010
260 _c2010
490 0 _aProperty Week
_v76(1) 8 January 2010, 21(1)
520 _aProperty Week's editor offers his 10 predictions for the property market in 2010. He looks favourably on industrial property and expects returns of 6-8% across the board. A double-dip recession is unlikely and property does not fall back when recovery has started.
590 _aKA
651 4 _aUnited Kingdom
_y
690 _aPROPERTY-COMMERCIAL PROPERTY-COMMERCIAL PROPERTY FINANCE AND INVESTMENT
942 _n0
999 _c82092
_d82092